• 首页
  • 本馆介绍
  • 公告通知
  • 最新文献
  • 馆藏检索
  • 电子资源
  • 读者导购
  • 参考咨询
  • 我的图书馆
  • 登录
  • 详细信息显示
  • 放入我的书架
  • 预约/预借图书
  • 作者相关作品
  • 分类相关作品
  • 丛书相关作品
  • 出版社相关作品

书目信息

  • 表格格式
  • 工作单格式
  • 卡片格式
题名:
文学经典
    
 
作者: 肖东发 主编 ;韩喻 编著
分册:  
出版信息: 北京   现代出版社  2015
页数: 164页
开本: 24cm
丛书名: 中华精神家园
单 册:
中图分类: I206.2 , I212.01
科图分类:
主题词: 古代文论--中国 , 古典文学--作品集--中国
电子资源:
ISBN: 978-7-5143-2965-0
000 01179nam0 2200337 450
001 008208728
005 20230308143223.0
010    @a978-7-5143-2965-0@dCNY40.00
049    @aA220000JLP@bUCS01007529152@c0001115462
090    @aI206.2@bxdf
096    @aI206.2@bxdf
100    @a20160118d2015 em y0chiy0120 ea
101 0  @achi
102    @aCN@b110000
105    @aa z 000yy
106    @ar
200 1  @a文学经典@9wen xue jing dian@b专著@e文学评论与作品选集@f肖东发主编@g韩喻编著
210    @a北京@c现代出版社@d2015
215    @a164页@c图@d24cm
225 1  @a中华精神家园@i汉语之魂
330    @a本书分为华文博采——古代评论集、奇文精粹——古代文选集、诗词荟萃——古诗词选集共三个部分,具体内容包括:政治与文化论著——典论;最早的诗文总集——昭明文选;第一部诗歌总集——诗经等。
517 1  @a文学评论与作品选集@9wen xue ping lun yu zuo pin xuan ji
606 0  @a古代文论@y中国
606 0  @a古典文学@x作品集@y中国
690    @aI206.2@v5
690    @aI212.01@v5
701  0 @a肖东发@9xiao dong fa@f(1949~2016)@4主编
702  0 @a韩喻@9han yu@4编著
801  0 @aCN@bBJXHXP@c20230308
801  0 @aCN@bJL@c20151019
905    @b1403293-6@dI206.2@e422@f4
    
    文学经典:文学评论与作品选集/肖东发主编/韩喻编著.-北京:现代出版社,2015
    164页:图;24cm.-(中华精神家园.汉语之魂)
    
    
    ISBN 978-7-5143-2965-0:CNY40.00
    本书分为华文博采——古代评论集、奇文精粹——古代文选集、诗词荟萃——古诗词选集共三个部分,具体内容包括:政治与文化论著——典论;最早的诗文总集——昭明文选;第一部诗歌总集——诗经等。
●
相关链接 在E读中查询图书 在五车中查询图书 在当当中查询图书 在豆瓣中查询图书


正题名:文学经典     索取号:I206.2/422         预约/预借

序号 登录号 条形码 馆藏地/架位号 状态 备注
1 1403293   214032937   第一样本阅览室/ [索取号:I206.2/422] 在馆    
2 1403294   214032946   第二借阅区/ [索取号:I206.2/422] 在馆    
3 1403295   214032955   第二借阅区/ [索取号:I206.2/422] 在馆    
4 1403296   214032964   第二借阅区/ [索取号:I206.2/422] 在馆    
唐山师范学院图书馆 欢迎您!
大连网信软件有限公司© 版权所有